Arknights: Endfield Playable Characters (1.2) - Statistics

General Stats
  • This quiz has been taken 97 times
    15 since last reset
  • The average score is 19 of 31
Answer Stats
Answer Element % Correct
Lifeng Physical
92%
Laevatain Heat
83%
Perlica Electric
83%
Tangtang Cryo
83%
Antal Electric
75%
Ardelia Nature
75%
Da Pan Physical
75%
Gilberta Nature
75%
Last Rite Cryo
75%
Rossi Physical
75%
Yvonne Cryo
75%
Akekuri Heat
67%
Chen Qianyu Physical
67%
Wulfgard Heat
67%
Xaihi Cryo
67%
Arclight Electric
58%
Catcher Physical
58%
Ember Heat
58%
Endministrator Physical
58%
Fluorite Nature
58%
Snowshine Cryo
58%
Avywenna Electric
50%
Estella Cryo
50%
Pogranichnik Physical
50%
Alesh Cryo
42%
Zhuang Fangyi
42%
Cryo
33%
Heat
33%
Nature
33%
Electric
25%
Physical
25%
No matching quizzes found
Score Distribution
Percent of People with Each Score
Percentile by Number Answered
Your Score History
You have not taken this quiz since the last reset